Grauman's Chinese Theatre Footprints Quiz Stats

 Plays Quiz Retired Jun 22, 2021

Support Sporcle.
Go Orange.
Score 0/266 Timer 20:00
1 Play Today
Year Person % Correct
2007Brad Pitt, George Clooney, Matt Damon, Jerry Weintraub
74.6%
2019Kevin Smith, Jason Mewes
71%
2007Will Smith
65.8%
1953Jane Russell, Marilyn Monroe
65%
2018Quincy Jones
64.2%
2012Michael Jackson
63.9%
2015Dwayne Johnson
61.5%
1992Tom Cruise
60.8%
1992Harrison Ford
60.3%
1998Tom Hanks
60%
2019Robert Downey Jr., Chris Evans, Chris Hemsworth, Mark Ruffalo, Jeremy Renner, Scarlett Johansson, Kevin Feige
59.9%
1937Clark Gable, W.S. Van Dyke II
59.6%
1956Elizabeth Taylor, Rock Hudson, George Stevens
59.6%
2020Patrick Stewart
59.1%
1950Bette Davis
57.7%
2011Kristen Stewart, Taylor Lautner
56.8%
1948James Stewart
56.8%
2006Samuel L. Jackson
55.8%
1950John Wayne
55.7%
1965Frank Sinatra
55.5%
1994Meryl Streep
53.9%
1951Cary Grant
53.2%
1928Charles Chaplin
53.1%
1942Henry Fonda, Rita Hayworth, Charles Laughton, Edward G. Robinson, Charles Boyer
52.9%
1946Humphrey Bogart
52.7%
1964Dean Martin
52.4%
1997Al Pacino
51.9%
1998Robin Williams
51.3%
2013Jane Fonda
51.3%
1938Alice Faye, Tony Martin
51%
1939Judy Garland
50.8%
1944Esther Williams, Private Joe Brain
49.6%
1941Barbara Stanwyck, Robert Taylor
49.3%
1997Johnny Grant
48.9%
2017Stan Lee
48.2%
1974Jack Nicholson
47.7%
1969Gene Kelly
47.5%
1927Colleen Moore
47.2%
2018Carrie Fisher
46.7%
1984Clint Eastwood
46.2%
1984George Lucas, Steven Spielberg
46.1%
1938Fred Astaire
46.1%
1963Paul Newman, Joanne Woodward
46%
1997Michael Douglas
45.7%
1948Van Johnson
45.7%
1998Denzel Washington
45.5%
1962Kirk Douglas
45.3%
1991Gene Roddenberry, William Shatner, Leonard Nimoy, DeForest Kelley, James Doohan, Walter Koenig, Nichelle Nichols, George Takei
45.1%
2014Jerry Lewis
44.9%
1939Ginger Rogers
44.7%
2015Jennifer Lawrence, Josh Hutcherson, Liam Hemsworth
44.4%
1949Roy Rogers, Trigger
43.5%
2005Johnny Depp
43.1%
1980John Travolta
41.7%
1995Bruce Willis
41.4%
1963Jack Lemmon, Shirley MacLaine
41%
1966Julie Andrews
40.9%
1992Michael Keaton
40.2%
1965Debbie Reynolds
39.9%
1999Sean Connery
39.9%
1961Natalie Wood
39.8%
2002Morgan Freeman
39.7%
1981Burt Reynolds
39.3%
1953CinemaScope, The Robe, Jean Simmons
39.2%
1993Mel Gibson
39.2%
1940John Barrymore
39.2%
1943Bob Hope, Dorothy Lamour
38.6%
1936Bing Crosby
38%
1961Doris Day
37.8%
2013Jackie Chan
37.7%
1983Sylvester Stallone
37.6%
1929Joan Crawford
37.5%
2002John Woo
37.5%
1987Eddie Murphy
36.4%
2019Keanu Reeves
36.1%
2016Tim Burton
36.1%
1935Shirley Temple
36.1%
1943Gary Cooper
35.7%
1959Rosalind Russell
35.5%
1954George Murphy
34.9%
1986Mickey Rooney
34.6%
1938Mickey Rooney
34.6%
1946Irene Dunne, Rex Harrison
34.6%
1966Dick Van Dyke
34.6%
1949Anne Baxter, Gregory Peck
34.6%
1994Arnold Schwarzenegger
34.5%
1931Jackie Cooper
34.4%
1933Marx Brothers
33.9%
2019Kevin Hart
33.8%
Year Person % Correct
1962Charlton Heston
33.7%
2013Emma Thompson
33.6%
2016Emma Stone, Ryan Gosling
33.4%
1995Jim Carrey
33.3%
1927Mary Pickford, Douglas Fairbanks
32.9%
2007Daniel Radcliffe, Emma Watson, Rupert Grint
32.4%
1999Ron Howard
32.1%
1967Sidney Poitier
32%
2006Kevin Costner
31.9%
2017Mariah Carey
31.8%
1998Warren Beatty
31.4%
2001Nicolas Cage
31.1%
1999Susan Sarandon
30.6%
2001Anthony Hopkins
30.5%
2019Billy Crystal
30.1%
2014Mel Brooks
30%
1998Walter Matthau
29.9%
2015Katy Perry
29.9%
2005Adam Sandler
29.7%
2013Sandra Bullock
29.4%
1936Joe E. Brown
29%
2019Johnny Galecki, Jim Parsons, Kaley Cuoco, Simon Helberg, Kunal Nayyar, Mayim Bialik, Melissa Rauch
28.7%
2008Michael Caine
28.5%
1995Whoopi Goldberg
28.4%
2017Ridley Scott
27.8%
1937Tyrone Power, Loretta Young
27.6%
2017Jeff Bridges
27.5%
1954Danny Thomas
27.4%
1977C-3PO, R2-D2, Darth Vader, Anthony Daniels
27.4%
2013Ben Stiller
27.2%
1967Steve McQueen
27.1%
1999Richard Gere
26.8%
2015Justin Lin, Zhao Wei, Huang Xiaoming
26.5%
1950Lana Turner
26.4%
2020Margot Robbie
26.4%
1943Betty Grable
26.3%
1962Sophia Loren
26.3%
1936William Powell, Myrna Loy
25.8%
2016Quentin Tarantino
25.5%
1979George Burns
25.4%
2015Vince Vaughn
24.8%
2012Britney Spears
24.6%
1956Yul Brynner, Deborah Kerr
24.3%
1941Bud Abbott, Lou Costello
24.2%
1952Ava Gardner
23.6%
1952Olivia de Havilland
23.3%
2001Martin Lawrence
23%
1953Effie O'Connor, Donald O'Connor
22.9%
1937Dick Powell, Joan Blondell
22.9%
2018Lionel Richie
22.5%
2016Francis Ford Coppola
22.5%
1937Eleanor Powell
22.3%
1969Danny Kaye
22.2%
2015Christopher Plummer
22%
1941Family of Judge James K. Hardy
21.9%
2013John Goodman
21.9%
1949Richard Widmark, Charles Nelson
21.8%
2004Christopher Walken
21.8%
2017Rob Reiner, Carl Reiner
21.8%
1998Danny Glover
21.7%
1927Harold Lloyd
21.2%
1933Jean Harlow
21.1%
2011Rita Moreno
20.8%
1949Gene Autry, Champion
20.6%
1964Peter Sellers
20.4%
2017Michael Bay
20.3%
2018Pitbull
19.9%
1942Mrs. Miniver, Greer Garson
19.5%
2004Jack Valenti
19.5%
1927Tom Mix, Tony
19.2%
2011Robert Pattinson
19.1%
1939Jane Withers
18.9%
2015Vin Diesel
18.7%
1941Cecil B. DeMille
18.7%
1946Sid Grauman, Gene Tierney
18.6%
1927Gloria Swanson
18.5%
2013Robert De Niro
18.5%
1954James Mason
18.5%
2018Cicely Tyson
18.4%
1942Joan Fontaine
18.1%
1941Jack Benny
17.9%
1942Edward Arnold
17.8%
1984Donald Duck, Clarence 'Ducky' Nash
17.8%
1940Rosa Grauman, George Raft
17.7%
2017Kenneth Branagh
17.6%
2012Christopher Nolan
17.4%
2015Ethan Hawke
17.4%
1968Anthony Quinn
17.4%
1929Bebe Daniels
17.3%
Year Person % Correct
2011Jennifer Aniston
17.1%
2014Melissa McCarthy
17.1%
1995Steven Seagal
16.9%
1937Fredric March
16.9%
2019Sam Elliott
16.9%
1942Red Skelton
16.9%
1929Marion Davies
16.8%
1952Jane Wyman
16.8%
1931Wallace Beery, Marie Dressler
16.8%
1951Susan Hayward
16.7%
1954Alan Ladd
16.6%
1945Jimmy Durante
16.6%
1937Ritz Brothers
16.5%
1927Norma Shearer
16.3%
2011Mickey Rourke
16.2%
1964Hayley Mills
16.1%
1936Al Jolson
16.1%
1946Margaret O'Brien
16%
2012Kim Novak
15.9%
1938Edgar Bergen, Charlie McCarthy
15.7%
1947Ray Milland
15.5%
1972Ali MacGraw
15.3%
2016Jessica Chastain
15.2%
1927William S. Hart
15.2%
1929Janet Gaynor
15.1%
2009Robert Downey, Jr.
15.1%
1934Maurice Chevalier, Jeanette MacDonald
15.1%
1946Louella Parsons
14.9%
2010Cher
14.9%
1977Mayor Tom Bradley, Ted Mann
14.9%
1938Nelson Eddy
14.8%
1938Don Ameche
14.6%
2005Sherry Lansing
14.5%
2012Demi Lovato
14.4%
1927Norma Talmadge
14.3%
1927Constance Talmadge
14.2%
1937Sonja Henie
14.1%
2011Peter O'Toole
13.9%
1997Robert Zemeckis
13.8%
2011Robert Duvall
13.8%
1941Carmen Miranda
13.7%
1999Terry Semel, Bob Daly
13.4%
2011Russ Tamblyn, George Chakiris
13.4%
2014Sally Rowlands
13.4%
1954Van Heflin
13.3%
1952Clifton Webb
13.2%
2009Hugh Jackman
13%
1960Cantinflas
12.7%
1938Deanna Durbin
12.5%
2016Donnie Yen
12.5%
1981Rhonda Fleming
12.4%
2014Peter Cullen
12.2%
2011Helen Mirren
12.1%
2013Jerry Maren
12.1%
1932Eddie Cantor
12%
1937May Robson
11.9%
2016Jeffrey Katzenberg
11.7%
2016Roland Emmerich
11.6%
2017Tamer Hosny
11.5%
1930Ann Harding
11.3%
1930Raoul Walsh
11.3%
1928Pola Negri
11.1%
1949George Jessel
11%
1940Linda Darnell
11%
2012Lee Byung-hun, Ahn Sung-ki
11%
1999William F. Hertz
10.9%
1965Marcello Mastroianni
10.8%
2013Feng Xiaogang
10.8%
1941Rudy Vallee
10.6%
1949Jean Hersholt
10.5%
1938Jean Hersholt
10.5%
2011Kobe Bryant
10.5%
1949Jeanne Crain
10.4%
1936Freddie Bartholomew
10.2%
1953Adolph Zukor
10.2%
1936Victor McLaglen
10.1%
1943Monty Woolley
10%
1945Jack Oakie
10%
1951Hildegarde Neff, Oskar Werner
9.9%
1933Diana Wynyard
9.8%
1963Mervyn LeRoy
9.6%
1958Elmer C. Rhoden
9.5%
1953Ezio Pinza
9.5%
1970Francis X. Bushman
9.4%
1947Lauritz Melchior
9.2%
1954Edmund Purdom
9%
1950William Lundigan
8.8%
2010Jerry Bruckheimer
8.6%

From the Vault

Beatles Songs by Image

by I-Am-Batman

Music 3m
We're going to try and refrain from just showing you pictures of beetles.
Remove Ads.
Support Sporcle.
Get the best of Sporcle when you Go Orange. This ad-free experience offers more features, more stats, and more fun while also helping to support Sporcle. Thank you for becoming a member.

Show Comments

Extras

Top Quizzes Today


Score Distribution

Your Account Isn't Verified!

In order to create a playlist on Sporcle, you need to verify the email address you used during registration. Go to your Sporcle Settings to finish the process.

Report this User

Report this user for behavior that violates our Community Guidelines.

Details: